Zología (Registro nro. 8411)

Detalles MARC
000 -CABECERA
Campo de control 01275nam a22003377a 4500
005 - FECHA Y HORA DE LA ULTIMA TRANSACCION
Campo de control 20141211164230.0
008 - ELEMENTOS DE LONGITUD FIJA—INFORMACION GENERAL
Campo de control 140429b2012 ec ||||| |||| 00| 0 spa d
020 ## - ISBN
ISBN 9789978383087
040 ## - FUENTE DE CATALOGACIÓN
Agencia transcriptora CO-BoIH
041 ## - IDIOMA
Código de idioma para texto/pista de sonido o título separado Alemán
044 ## - PAÍS DE PUBLICACIÓN
País de publicación Ecuador
082 04 - NUMERO DE CLASIFICACION DECIMAL DEWEY
Número de clasificación 596
Número del ítem A34z
100 1# - ASIENTO PRINCIPAL--NOMBRE PERSONAL
Nombre personal Albuja-V, Luis
245 10 - MENCION DE TITULO
Título Zología
Parte restante del título vertebrados
Mención de responsabilidad Luis Albuja y Carmen Merizalde (qepd)
260 ## - PUBLICACION, DISTRIBUCION, ETC. (PIE DE IMPRENTA)
Lugar de publicación, distribución, etc. Quito, Ecuador
Nombre del editor, distribuidor, etc. Escuela Politécnica Nacional, Instituto de Ciencias Biológicas
Fecha de publicación, distribución, etc. 2012
300 ## - DESCRIPCION FISICA
Extensión 256 p.
Otros detalles físicos il.
Dimensiones 22 cm.
505 ## - NOTA DE CONTENIDO
Nota de contenido Cordados pag 7
505 ## - NOTA DE CONTENIDO
Nota de contenido Cordados Inferiores Pag 14<br/>Tunicados<br/>Cefalocordados
505 ## - NOTA DE CONTENIDO
Nota de contenido Vertebrados: Agnatha Pag 25<br/>Lampreas<br/>Mixines
505 ## - NOTA DE CONTENIDO
Nota de contenido Peces Pag 34<br/>Peces cartilaginosos<br/>Peces óseos
505 ## - NOTA DE CONTENIDO
Nota de contenido Anfibios Pag 73<br/>Anuros<br/>Caudados<br/>Apodos
505 ## - NOTA DE CONTENIDO
Nota de contenido Reptiles Pag 101<br/>Saurios<br/>Serpientes<br/>Anfisbénidos<br/>Cocodrilos<br/>Tortugas<br/>Rincocéfalos
505 ## - NOTA DE CONTENIDO
Nota de contenido Aves Pag 138
505 ## - NOTA DE CONTENIDO
Nota de contenido Mamíferos Pag 175
505 ## - NOTA DE CONTENIDO
Nota de contenido Clasificación resumida de los cordados vivientes Pag 221
650 #6 - ASIENTO SECUNDARIO DE MATERIA - TERMINO TEMATICO
Término temático o nombre geográfico como elemento de entrada Vertebrados
Subdivisión general clasificación
650 #6 - ASIENTO SECUNDARIO DE MATERIA - TERMINO TEMATICO
Término temático o nombre geográfico como elemento de entrada Vertebrados
Subdivisión general Anatomía e histología.
650 #6 - ASIENTO SECUNDARIO DE MATERIA - TERMINO TEMATICO
Término temático o nombre geográfico como elemento de entrada Vertebrados
Subdivisión geográfica Ecuador
700 1# - ASIENTO SECUNDARIO - NOMBRE PERSONAL
Nombre personal Merialde-P, Carmen (qepd)
942 ## - ELEMENTOS ADICIONALES (KOHA)
Sistema de clasificación Dewey Decimal Classification
Tipo de ítem Libro
Koha issues (borrowed), all copies 1
Existencias
Withdrawn status Lost status Sistema de Clasificación Damaged status No para préstamo Colección Inventariado Ubicación Permanente Ubicación actual Fecha de adquisición Fuente de Valor Valor Total Checkouts Número topográfico Inventario / Código de Barras Date last seen Date checked out Ejemplar Price effective from Forma de adquisición Tipo de material
    Dewey Decimal Classification     General Inventariado 2017 Bogotá Bogotá 29/04/2014 Instituto 39000.00 1 LB-596 A34z 059584 27/06/2014 27/06/2014 Ej 1 29/04/2014   Libro
    Dewey Decimal Classification     General Inventariado 2017 Sala Fabio Quevedo Sala Fabio Quevedo 29/04/2014 Instituto 39000.00   LB-596 A34z 059585 29/04/2014   Ej. 2 29/04/2014   Libro